000 00523nmm a2200169Ia 4500
008 251105s9999||||xx |||||||||||||||||und||
020 _a9781612364902
041 _aspa
100 _aCleland, Joann
245 0 _a¿Cómo llegará? = How will it get there?
264 _a[Madrid, España] :
_bRourke Educational Media,
_c2007
300 _a24 páginas
490 _aEl mundo que me rodea / The world around me
650 _aAges 6-8 Years Old
856 _uhttps://public.digitaliapublishing.com/a/24676
942 _cCF
999 _c75117
_d75117